| Tag |
First Indicator |
Second Indicator |
Subfields |
| LEADER |
00000uam a2200000 a 4500 |
| 001 |
in00004127521 |
| 005 |
20260122222656.2 |
| 006 |
m o d |
| 007 |
cr cn |
| 008 |
130115s2015 xx o eng |
| 020 |
|
|
|z 9781491910658
|
| 035 |
|
|
|a (CaSebORM)9781491924280
|
| 040 |
|
|
|d UtOrBLW
|
| 041 |
0 |
|
|a eng
|
| 100 |
1 |
|
|a Iedema, Michael,
|e author.
|0 http://id.loc.gov/authorities/names/no2015021323
|
| 245 |
1 |
0 |
|a Getting Started with OpenBTS /
|c Iedema, Michael.
|
| 250 |
|
|
|a 1st edition.
|
| 264 |
|
1 |
|b O'Reilly Media, Inc.,
|c 2015.
|
| 300 |
|
|
|a 1 online resource (126 pages)
|
| 336 |
|
|
|a text
|b txt
|2 rdacontent
|
| 337 |
|
|
|a computer
|b c
|2 rdamedia
|
| 338 |
|
|
|a online resource
|b cr
|2 rdacarrier
|
| 347 |
|
|
|a text file
|
| 520 |
|
|
|a Deploy your own private mobile network with OpenBTS, the open source software project that converts between the GSM and UMTS wireless radio interface and open IP protocols. With this hands-on, step-by-step guide, you'll learn how to use OpenBTS to construct simple, flexible, and inexpensive mobile networks with software. OpenBTS can distribute any internet connection as a mobile network across a large geographic region, and provide connectivity to remote devices in the Internet of Things. Ideal for telecom and software engineers new to this technology, this book helps you build a basic OpenBTS network with voice and SMS services and data capabilities. From there, you can create your own niche product or experimental feature. Select hardware, and set up a base operating system for your project Configure, troubleshoot, and use performance-tuning techniques Expand to a true multinode mobile network complete with Mobility and Handover Add general packet radio service (GPRS) data connectivity, ideal for IoT devices Build applications on top of the OpenBTS NodeManager control and event APIs
|
| 533 |
|
|
|a Electronic reproduction.
|b Boston, MA :
|c Safari,
|n Available via World Wide Web.
|
| 538 |
|
|
|a Mode of access: World Wide Web.
|
| 542 |
|
|
|f Copyright © O'Reilly Media, Inc.
|
| 588 |
|
|
|a Online resource; Title from title page (viewed January 29, 2015)
|
| 500 |
|
|
|a Electronic resource.
|
| 655 |
|
7 |
|a Electronic books.
|2 local
|
| 710 |
2 |
|
|a Safari, an O'Reilly Media Company.
|
| 856 |
4 |
0 |
|u https://proxy.library.tamu.edu/login?url=https://go.oreilly.com/TAMU/library/view/-/9781491924280/?ar
|z Connect to this electronic resource
|t 0
|
| 999 |
f |
f |
|s ac96f4b4-1d4d-31b4-8d7f-21275b9e64b9
|i 46464d83-ddc7-3b1b-b1b9-4a941b524a9a
|t 0
|
| 952 |
f |
f |
|a Texas A&M University
|b College Station
|c Electronic Resources
|s www_evans
|d Available Online
|t 0
|h No information provided
|
| 998 |
f |
f |
|t 0
|l Available Online
|